Psicología del niño /
Guardado en:
| Autor Principal: | |
|---|---|
| Formato: | Libro |
| Publicado: |
Argentina :
Eudeba,
1961
|
| Edición: | 8a. ed. |
| Materias: | |
| Etiquetas: |
Agregar Etiqueta
Sin Etiquetas, Sea el primero en etiquetar este registro!
|
| LEADER | 00692nam a22002295a 4500 | ||
|---|---|---|---|
| 001 | CEM.cems003470 | ||
| 005 | 19000101000000.0 | ||
| 008 | 130507s1961##################000#0#####d | ||
| 003 | CEMS | ||
| 082 | 0 | 4 | |a 136.7 |
| 100 | 1 | |a Jersild, Arthur T. | |
| 245 | 1 | 0 | |a Psicología del niño / |c Arthur T. Jersild |
| 250 | |a 8a. ed. | ||
| 260 | |a Argentina : |b Eudeba, |c 1961 | ||
| 300 | |a 626 p. | ||
| 505 | 0 | |a rsonalidad y la busqueda del YO. | |
| 653 | |a Niños-desarrollo afectivo | ||
| 653 | |a Niños-desarrollo cognitivo | ||
| 653 | |a Niños-desarrollo psicomotriz | ||
| 653 | |a Niños-ideales y moral | ||
| 653 | |a Psicologia del niño | ||
| 859 | |a CEMS |b BIB. CEMS - 11 de abril |h 136.7 |i J492a8 |p 6735.79 |t Ej.1 | ||
